000 00326nam a2200121Ia 4500
008 190802s9999 xx 000 0 und d
020 _a978-81-265-6217-6
100 _aMichael T.Goodrich
245 0 _aData Structures and Algorithms in Python
260 _aNew Delhi
_bWiley Blackwell
_c2013
300 _a748:p
942 _cBK
999 _c2291
_d2291